Statistics for Irish counties with over 100.000 people (with a map)

Click here to take the quiz!

General Stats

  • This quiz has been taken 145 times
  • The average score is 12 of 15

Answers on the Map

Answers color-coded by a green-red scale on the quiz's map according to % correct below.
 

Answer Stats

AnswerPopulation% Correct
Dublin1,347,359
98%
Cork542,868
96%
Galway258,058
93%
Waterford116,176
88%
Limerick194,899
85%
Donegal159,192
84%
Kerry147,707
83%
Wexford149,722
82%
Mayo130,507
80%
Meath195,044
77%
Clare118,817
75%
Tipperary159,553
72%
Wicklow142,425
68%
Kildare222,504
65%
Louth128,884
63%

Score Distribution

Percentile by Number Answered

Percent of People with Each Score

Your Score History

You have not taken this quiz